Stranger Things score quiz - Statistics

General Stats
  • This quiz has been taken 29 times
    10 since last reset
  • The average score is 6 of 340
Answer Stats
Hint Answer % Correct
Season 1 Kids
56%
Season 2 Eulogy
44%
Season 2 Run
44%
Season 1 Stranger Things
44%
Season 1 Eleven
33%
Season 3 Starcourt
33%
Season 5 Holly The Heroic
22%
Season 5 Mr. What's It?
22%
Season 2 Soldiers
22%
Season 4 Teens
22%
Season 3 The First I Love You
22%
Season 1 The Upside Down
22%
Season 5 Will The Wizard
22%
Season 3 Aftermath
11%
Season 5 Another Crawl
11%
Season 1 Biking to School
11%
Season 3 Boys and Girls
11%
Season 1 Hawkins
11%
Season 3 I Like Presents Too
11%
Season 4 I wouldn't remember me either.
11%
Season 1 Lay-Z-Boy
11%
Season 4 Letter to Willy
11%
Season 1 Nancy and Barb
11%
Season 4 One
11%
Season 3 Planck's Constant
11%
Season 3 Rats
11%
Season 2 The First Lie
11%
Season 1 This Isn't You
11%
Season 5 Three Waterfalls
11%
Season 4 100% Convinced
0%
Season 5 50,000 Watts
0%
Season 5 8 Hours
0%
Season 1 Abilities
0%
Season 2 A Familiar Shape
0%
Season 5 Afraid To Look For You
0%
Season 1 After Sarah
0%
Season 1 Agents
0%
Season 1 A Kiss
0%
Season 4 All Evil Must Have a Home
0%
Season 5 A Love Supreme
0%
Season 4 A memory within a memory
0%
Season 5 Andy and his Goons
0%
Season 4 A Nightmare Far Worse
0%
Season 4 A Proper Thump
0%
Season 4 A Realm Unspoiled By Mankind
0%
Season 1 Are You Sure?
0%
Season 4 A War is coming to Hawkins
0%
Season 1 Bad Men
0%
Season 4 Barefoot in the snow
0%
Season 5 Barely Missed the Jugular
0%
Season 4 Being Different
0%
Season 2 Birth / Rescue
0%
Season 3 Blank Makes You Crazy
0%
Season 4 Blood Balloons
0%
Season 3 Blueprints
0%
Season 1 Breaking and Entering
0%
Season 4 Brenner's Little Pet
0%
Season 4 Buried Memories
0%
Season 4 Burning Baby
0%
Season 5 Camazotz Woods
0%
Season 1 Castle Byers
0%
Season 4 Caught a Body at the Munsen Trailer
0%
Season 5 Chaotic Good, Chaotic Bad
0%
Season 2 Chicago
0%
Season 2 Choices
0%
Season 3 Code Red
0%
Season 1 Coffee & Contemplation
0%
Season 2 Connect the Dots
0%
Season 2 Controlled Contamination
0%
Season 1 Cops Are Good at Finding
0%
Season 2 Crib
0%
Season 1 Crying
0%
Season 4 Curfew
0%
Season 1 Danger Danger
0%
Season 5 Darkness Spread Around the World
0%
Season 5 Darkside Of The Wall
0%
Season 5 Dead Wrong
0%
Season 4 [delicate, intense music playing...]
0%
Season 4 Demogorgons in Tanks
0%
Season 2 Descent into the Rift
0%
Season 3 Destroying the Castle
0%
Season 2 Digging
0%
Season 1 Dispatch
0%
Season 5 D.O.E.
0%
Season 4 Does that make us friends?
0%
Season 5 Don't Be a Stubborn Punk Ass Like You?
0%
Season 5 Double How
0%
Season 2 Do You Accept the Risk?
0%
Season 2 Eggo in the Snow
0%
Season 2 Eight Fifteen
0%
Season 1 Eleven Is Gone
0%
Season 4 ELVIS CLONED BY ALIENS
0%
Season 5 End Credits
0%
Season 5 Engage
0%
Season 2 Entering the Cellar
0%
Season 2 Escape
0%
Season 5 Even Comes With a View
0%
Season 5 Eventually They'll Get Bored
0%
Season 5 Evil Planet Descending
0%
Season 5 Exotic Matter
0%
Season 4 Fancy Bomb
0%
Season 3 Feel Safe
0%
Season 3 Find the Source
0%
Season 1 First Kiss
0%
Season 1 Flashback
0%
Season 4 Flashlights, Flashlights
0%
Season 1 Flickering
0%
Season 4 Follow me into Death
0%
Season 4 Four Gates
0%
Season 5 Fourth & Final Gate
0%
Season 1 Fresh Blood
0%
Season 1 Friendship
0%
Season 4 Gates of Kamchatka
0%
Season 1 Gearing Up
0%
Season 5 Gooey Creamy Core
0%
Season 4 Hail Lord Vecna
0%
Season 1 Hallucinations
0%
Season 1 Hanging Lights
0%
Season 3 Happy Screams
0%
Season 5 Hawkins Hitmakers
0%
Season 1 Hawkins Lab
0%
Season 4 Hawkins National Lab
0%
Season 1 Hazmat Suits
0%
Season 3 Heather's
0%
Season 5 Heavens to Betsy
0%
Season 4 Hellfire Club
0%
Season 4 Hellfire Isn't a Cult
0%
Season 3 He's Here
0%
Season 5 He's Still Human
0%
Season 5 Hide in the Light
0%
Season 5 Hiding in the Sky
0%
Season 4 Hiiiiiiiii
0%
Season 2 Home
0%
Season 1 Hopper Sneaks In
0%
Season 5 Humvees
0%
Season 4 Hurtling Towards a Gruesome Death
0%
Season 2 I Can Save Them
0%
Season 5 I Don't Like Girls
0%
Season 1 | Season 4 I Know What I Saw
0%
Season 3 Incision
0%
Season 5 I Need You to Believe in Me
0%
Season 3 I Need You To Trust Me
0%
Season 1 In Pursuit
0%
Season 1 Inside the Black Room
0%
Season 4 In the closet (at Rink O Mania)
0%
Season 3 In the Void
0%
Season 2 In the Woods
0%
Season 5 Isolation Tank
0%
Season 2 It's a Trap
0%
Season 4 It's just a clock, right?
0%
Season 3 It's Just Ice
0%
Season 1 It's Not My Boy
0%
Season 4 It's Time Max
0%
Season 4 I Want You To Watch
0%
Season 4 Journalistic Instinct
0%
Season 1 Joyce and Lonnie Fighting
0%
Season 5 Just a Memory
0%
Season 5 Just Us and the Crickets
0%
Season 5 Karen's Back
0%
Season 5 Keep Your Trap Shut
0%
Season 1 Kids Two
0%
Season 4 Kills you in your dreams
0%
Season 5 KK-GO
0%
Season 1 Lamps
0%
Season 3 Land Deeds
0%
Season 1 Leap of Faith
0%
Season 1 Let's Go
0%
Season 2 Levitation
0%
Season 5 Life Has Been So Unfair To You
0%
Season 1 Lights Out
0%
Season 5 Like a Sorcerer
0%
Season 5 Like I Could Fly
0%
Season 2 Looking for a Way Out
0%
Season 5 Mac-Z
0%
Season 5 Make Sure This Never Happens Again
0%
Season 1 Making Contact
0%
Season 5 Map to a Secret Location
0%
Season 5 Meet me at the X
0%
Season 5 Memory Go Round
0%
Season 2 Mercy
0%
Season 5 Miller
0%
Season 3 Mirkwood
0%
Season 5 Mist Engulfs the Lab
0%
Season 5 Move Worlds
0%
Season 4 Mr. Fibbly
0%
Season 4 Mugshot
0%
Season 4 Musso
0%
Season 5 Never Forget
0%
Season 2 Never Tell
0%
Season 5 New Numbers
0%
Season 1 Night of the Seventh
0%
Season 4 Nine Feet Tall
0%
Season 1 No Autopsy
0%
Season 5 Nosebleed
0%
Season 3 Not Chinese Food
0%
Season 3 Not Kids Anymore
0%
Season 5 November 6th 1983
0%
Season 1 No Weapons
0%
Season 1 One Blink For Yes
0%
Season 2 On Edge
0%
Season 2 On the Bus
0%
Season 3 On Their Tracks
0%
Season 5 Operation Beanstalk
0%
Season 1 Over
0%
Season 5 pale brown mist
0%
Season 4 Palm Tree Delight
0%
Season 1 Papa
0%
Season 4 Patient Confidentiality
0%
Season 1 Photos in the Woods
0%
Season 3 Portal Drill
0%
Season 2 Possessed
0%
Season 4 Powerful Psychic Connection
0%
Season 2 Power Maintenance
0%
Season 4 Praying something will happen to me
0%
Season 5 Preppers
0%
Season 2 Presumptuous
0%
Season 4 Project Nina
0%
Season 5 Psionic Blast
0%
Season 5 Psychic Interrogation
0%
Season 5 Real Life Honest to God Sorcerer
0%
Season 5 Red Lightning Scorches the Sky
0%
Season 5 Red Portal Opens
0%
Season 4 Reign Fire From Above
0%
Season 4 Religious American
0%
Season 2 Roars from the Lab
0%
Season 1 Rolling Out the Pool
0%
Season 3 Ruins
0%
Season 1 Run Away
0%
Season 5 Running to Lucas
0%
Season 4 Ruth, Nevada
0%
Season 5 Safety Lock
0%
Season 3 Sauna Test
0%
Season 2 Scars
0%
Season 3 Scoops Troop
0%
Season 5 Scorched Sky
0%
Season 5 Secret Government Program
0%
Season 1 See Any Rain?
0%
Season 5 Seeing in Technicolor
0%
Season 3 Seven Feet
0%
Season 2 Shadow in the Tunnel
0%
Season 5 She Has Corrupted Your Mind
0%
Season 1 She'll Kill You
0%
Season 3 She's Gone Home
0%
Season 2 She Wants Me to Find Her
0%
Season 5 Shield Generator
0%
Season 2 Shouldn't Have Lied
0%
Season 5 Shower of Black Blood
0%
Season 2 Sick of Cow
0%
Season 5 Siege in Dimension X
0%
Season 5 Sisters
0%
Season 5 Situation: Not Great
0%
Season 3 Six Facts
0%
Season 4 Skull Rock
0%
Season 4 Slashing the Tires
0%
Season 4 Sleeping Dracula
0%
Season 4 Sleepyhead
0%
Season 5 Smoke Em if You Got Em
0%
Season 1 Something in the House
0%
Season 1 Something in the Wall
0%
Season 4 Soteria
0%
Season 1 Speak of the Devil
0%
Season 4 Spellcaster
0%
Season 1 Spiked Bat
0%
Season 4 Stained Glass Roses
0%
Season 5 Starr
0%
Season 1 Starts to Rain
0%
Season 4 Stay Calm, Focus on the Game
0%
Season 4 Still Dizzy
0%
Season 1 Still Pretty
0%
Season 1 Stranger Things (Extended)
0%
Season 4 Stuck in 1983
0%
Season 5 Super Shredder
0%
Season 4 Surf that Tasty Pie
0%
Season 2 Symptoms
0%
Season 1 Talking to Australia
0%
Season 3 Tammy
0%
Season 5 Telemetry Tracker
0%
Season 1 Tendril
0%
Season 5 The Abyss
0%
Season 3 The Ceiling is Beautiful
0%
Season 4 The Cure
0%
Season 3 The Door Is Opening
0%
Season 4 The Elephant
0%
Season 2 The Hub
0%
Season 5 The Order of the Black Hand
0%
Season 1 Theoretically
0%
Season 4 There are some things worse than ghosts...
0%
Season 2 The Return
0%
Season 4 The Shire is Burning
0%
Season 3 The Silver Cat Feeds
0%
Season 2 The Spy
0%
Season 3 The Trees Are Moving
0%
Season 5 The Tunnels
0%
Season 5 The Wall
0%
Season 3 The Week Is Long
0%
Season 1 They Found Us
0%
Season 2 They Hurt Me
0%
Season 1 Time for a 187
0%
Season 2 To Be Continued
0%
Season 5 Too Many Names
0%
Season 4 Top Secret Location
0%
Season 2 Tree Slime
0%
Season 1 Tribulations
0%
Season 5 Turnbow Trap
0%
Season 2 Turn on the Lights
0%
Season 2 Turn Right & Run
0%
Season 4 Unambiguous True Love
0%
Season 4 Undressing
0%
Season 4 Unfortunate Development
0%
Season 5 Unrecognizable Carcass
0%
Season 5 Vessels
0%
Season 1 Walking Down the Tracks
0%
Season 1 Walking Through the Upside Down
0%
Season 2 Walkin in Hawkins
0%
Season 4 We are NOT heroes.
0%
Season 3 We Don't Understand Each Other
0%
Season 2 We Go Out Tonight
0%
Season 4 Welcome to Kamchatka
0%
Season 5 We're Friends, Good Friends
0%
Season 3 What Did You Do To Him?
0%
Season 1 What Do You Know
0%
Season 2 What Else Did You See?
0%
Season 1 What Else Is There To Do?
0%
Season 5 What's on the other side of the wall?
0%
Season 4 What's The Internet?
0%
Season 1 Where's Barb?
0%
Season 3 William
0%
Season 5 With a Second to Spare
0%
Season 5 Wolfpack
0%
Season 5 WSQK
0%
Season 5 You are the Curse
0%
Season 1 You Can Talk to Me
0%
Season 5 You Die, I Die
0%
Season 4 You Have Already Lost
0%
Season 3 You're a Fighter
0%
Season 4 You're Regressing Eleven
0%
Season 4 You're The Heart
0%
Season 4 You Should Go East
0%
Season 5 Zone G1
0%
No matching quizzes found
Score Distribution
Percent of People with Each Score
Percentile by Number Answered
Your Score History
You have not taken this quiz since the last reset